[Event "April 9 Early 2024"]
[Site "Chess.com"]
[Date "2024.04.09"]
[Round "3"]
[White "Sreyas Payyappat"]
[Black "Tigran Mukhutdinov"]
[Result "1-0"]
[Board "114"]
[WhiteFideId "46674969"]
[BlackFideId "34108570"]
[WhiteTitle "FM"]
[BlackTitle "FM"]
[WhiteElo "2511"]
[BlackElo "2705"]
[WhiteTeam "IND"]
[BlackTeam "RUS"]
[WhiteClock "0:01:16"]
[BlackClock "0:00:18"]
[Variant "Standard"]

1. e4 {[%clk 0:03:00]}  c5 {[%clk 0:02:59]} 2. Nf3 {[%clk 0:02:59]}  Nc6 {[%clk 0:03:00]} 3. d4 {[%clk 0:03:00]}  cxd4 {[%clk 0:03:01]} 4. Nxd4 {[%clk 0:02:59]}  e5 {[%clk 0:03:01]} 5. Nb5 {[%clk 0:02:59]}  a6 {[%clk 0:03:02]} 6. Nd6+ {[%clk 0:02:59]}  Bxd6 {[%clk 0:03:02]} 7. Qxd6 {[%clk 0:02:59]}  Qe7 {[%clk 0:03:03]} 8. Qd1 {[%clk 0:02:58]}  Nf6 {[%clk 0:03:04]} 9. Nc3 {[%clk 0:02:58]}  d6 {[%clk 0:03:04]} 10. Bg5 {[%clk 0:02:58]}  Be6 {[%clk 0:03:05]} 11. Be2 {[%clk 0:02:57]}  O-O {[%clk 0:03:05]} 12. O-O {[%clk 0:02:56]}  Rfd8 {[%clk 0:03:05]} 13. f4 {[%clk 0:02:56]}  h6 {[%clk 0:02:53]} 14. Bxf6 {[%clk 0:02:53]}  Qxf6 {[%clk 0:02:50]} 15. f5 {[%clk 0:02:53]}  Bc8 {[%clk 0:02:43]} 16. Nd5 {[%clk 0:02:52]}  Qg5 {[%clk 0:02:44]} 17. Rf3 {[%clk 0:02:50]}  h5 {[%clk 0:02:12]} 18. Rg3 {[%clk 0:02:48]}  Qh6 {[%clk 0:02:11]} 19. Bxh5 {[%clk 0:02:46]}  Nd4 {[%clk 0:02:02]} 20. Qg4 {[%clk 0:02:40]}  Kf8 {[%clk 0:01:40]} 21. Qh4 {[%clk 0:02:34]}  Re8 {[%clk 0:01:37]} 22. Rf1 {[%clk 0:02:27]}  Ne2+ {[%clk 0:01:33]} 23. Kh1 {[%clk 0:02:25]}  Nxg3+ {[%clk 0:01:34]} 24. hxg3 {[%clk 0:02:25]}  Bd7 {[%clk 0:01:34]} 25. g4 {[%clk 0:02:25]}  f6 {[%clk 0:01:27]} 26. g5 {[%clk 0:02:21]}  fxg5 {[%clk 0:01:22]} 27. Qh2 {[%clk 0:02:19]}  Bb5 {[%clk 0:01:22]} 28. Rf2 {[%clk 0:02:17]}  Rec8 {[%clk 0:01:18]} 29. f6 {[%clk 0:02:17]}  g6 {[%clk 0:01:17]} 30. g4 {[%clk 0:01:54]}  gxh5 {[%clk 0:01:13]} 31. gxh5 {[%clk 0:01:55]}  Kf7 {[%clk 0:01:12]} 32. Qh3 {[%clk 0:01:44]}  Rd8 {[%clk 0:01:08]} 33. Ne7 {[%clk 0:01:39]}  Bd7 {[%clk 0:01:06]} 34. Qb3+ {[%clk 0:01:36]}  Be6 {[%clk 0:01:05]} 35. Qxb7 {[%clk 0:01:36]}  Qxh5+ {[%clk 0:01:06]} 36. Kg1 {[%clk 0:01:36]}  Qd1+ {[%clk 0:01:05]} 37. Kg2 {[%clk 0:01:35]}  Bh3+ {[%clk 0:01:01]} 38. Kxh3 {[%clk 0:01:34]}  Rh8+ {[%clk 0:01:01]} 39. Kg3 {[%clk 0:01:31]}  Qg1+ {[%clk 0:01:02]} 40. Kf3 {[%clk 0:01:31]}  Qd1+ {[%clk 0:00:43]} 41. Kg3 {[%clk 0:01:27]}  Qg1+ {[%clk 0:00:44]} 42. Kf3 {[%clk 0:01:23]}  g4+ {[%clk 0:00:41]} 43. Ke2 {[%clk 0:01:21]}  Rab8 {[%clk 0:00:28]} 44. Qd5+ {[%clk 0:01:19]}  Ke8 {[%clk 0:00:26]} 45. Qe6 {[%clk 0:01:16]}  g3 {[%clk 0:00:19]} 46. Nc6+ {[%clk 0:01:14]}  Kf8 {[%clk 0:00:18]} 47. Qe7+ {[%clk 0:01:15]}  Kg8 {[%clk 0:00:18]} 48. Qg7# {[%clk 0:01:16]} 1-0

[Event "April 9 Early 2024"]
[Site "Chess.com"]
[Date "2024.04.09"]
[Round "3"]
[White "Nazar Firman"]
[Black "Javakhadze, Zurab"]
[Result "0-1"]
[Board "116"]
[WhiteFideId "14104490"]
[BlackFideId "13603647"]
[WhiteTitle "GM"]
[BlackTitle "IM"]
[WhiteElo "2510"]
[BlackElo "2697"]
[WhiteTeam "UKR"]
[BlackTeam "GEO"]
[WhiteClock "0:00:00"]
[BlackClock "0:00:07"]
[Variant "Standard"]

1. e4 {[%clk 0:03:00]}  e5 {[%clk 0:02:51]} 2. Bc4 {[%clk 0:02:57]}  Nf6 {[%clk 0:02:51]} 3. d4 {[%clk 0:02:58]}  exd4 {[%clk 0:02:45]} 4. Nf3 {[%clk 0:02:58]}  Nc6 {[%clk 0:02:37]} 5. O-O {[%clk 0:02:58]}  Nxe4 {[%clk 0:02:37]} 6. Re1 {[%clk 0:02:55]}  d5 {[%clk 0:02:37]} 7. Bxd5 {[%clk 0:02:53]}  Qxd5 {[%clk 0:02:38]} 8. Nc3 {[%clk 0:02:53]}  Qa5 {[%clk 0:02:36]} 9. Nxe4 {[%clk 0:02:42]}  Be6 {[%clk 0:02:37]} 10. Neg5 {[%clk 0:02:42]}  O-O-O {[%clk 0:02:36]} 11. Nxe6 {[%clk 0:02:42]}  fxe6 {[%clk 0:02:37]} 12. Rxe6 {[%clk 0:02:42]}  Qd5 {[%clk 0:02:37]} 13. Qe2 {[%clk 0:02:32]}  Bd6 {[%clk 0:02:34]} 14. Bg5 {[%clk 0:02:29]}  Rdf8 {[%clk 0:02:33]} 15. Re1 {[%clk 0:02:25]}  Kd7 {[%clk 0:02:02]} 16. Bh4 {[%clk 0:01:58]}  Rf7 {[%clk 0:01:22]} 17. Bg3 {[%clk 0:01:47]}  Bxg3 {[%clk 0:00:58]} 18. hxg3 {[%clk 0:01:48]}  Rd8 {[%clk 0:00:51]} 19. c4 {[%clk 0:01:28]}  dxc3 {[%clk 0:00:40]} 20. Re8 {[%clk 0:00:34]}  Kc8 {[%clk 0:00:26]} 21. bxc3 {[%clk 0:00:30]}  Rd7 {[%clk 0:00:24]} 22. Qb2 {[%clk 0:00:18]}  b6 {[%clk 0:00:19]} 23. Qe2 {[%clk 0:00:16]}  Kb7 {[%clk 0:00:18]} 24. Re4 {[%clk 0:00:14]}  a5 {[%clk 0:00:15]} 25. a4 {[%clk 0:00:13]}  Qc5 {[%clk 0:00:15]} 26. Rc4 {[%clk 0:00:13]}  Qd5 {[%clk 0:00:14]} 27. Rb1 {[%clk 0:00:13]}  Rd6 {[%clk 0:00:08]} 28. Nd4 {[%clk 0:00:07]}  Ne5 {[%clk 0:00:06]} 29. Nb5 {[%clk 0:00:02]}  Qxc4 {[%clk 0:00:05]} 30. Qxe5 {[%clk 0:00:01]}  Rd1+ {[%clk 0:00:06]} 31. Rxd1 {[%clk 0:00:01]}  Rxd1+ {[%clk 0:00:07]} 32. Kh2 {[%clk 0:00:01]}  Qc6 {[%clk 0:00:08]} 33. f3 {[%clk 0:00:00]}  Qh6+ {[%clk 0:00:07]} 0-1

[Event "April 9 Early 2024"]
[Site "Chess.com"]
[Date "2024.04.10"]
[Round "3"]
[White "Abrahams, Daniel"]
[Black "Reyes Zavaleta, Fabian Ricardo"]
[Result "1-0"]
[Board "117"]
[WhiteFideId "2606879"]
[BlackFideId "3844153"]
[BlackTitle "FM"]
[WhiteElo "2509"]
[BlackElo "2680"]
[WhiteTeam "CAN"]
[BlackTeam "PER"]
[WhiteClock "0:02:03"]
[BlackClock "0:01:39"]
[Variant "Standard"]

1. c4 {[%clk 0:03:00]}  Nf6 {[%clk 0:02:58]} 2. Nc3 {[%clk 0:03:00]}  c5 {[%clk 0:02:58]} 3. Nf3 {[%clk 0:02:59]}  d5 {[%clk 0:02:57]} 4. cxd5 {[%clk 0:02:57]}  Nxd5 {[%clk 0:02:58]} 5. e3 {[%clk 0:02:57]}  e6 {[%clk 0:02:56]} 6. Nxd5 {[%clk 0:02:54]}  exd5 {[%clk 0:02:54]} 7. b4 {[%clk 0:02:54]}  cxb4 {[%clk 0:02:52]} 8. Bb2 {[%clk 0:02:54]}  Nc6 {[%clk 0:02:48]} 9. Rc1 {[%clk 0:02:46]}  a6 {[%clk 0:02:45]} 10. Nd4 {[%clk 0:02:45]}  Nxd4 {[%clk 0:02:39]} 11. Bxd4 {[%clk 0:02:46]}  Be6 {[%clk 0:02:38]} 12. Bd3 {[%clk 0:02:41]}  Bd6 {[%clk 0:02:35]} 13. O-O {[%clk 0:02:34]}  Qe7 {[%clk 0:01:52]} 14. f4 {[%clk 0:02:28]}  f6 {[%clk 0:01:50]} 15. Qh5+ {[%clk 0:02:12]}  Bf7 {[%clk 0:01:49]} 16. Qg4 {[%clk 0:02:13]}  O-O {[%clk 0:01:46]} 17. Rf3 {[%clk 0:02:07]}  Rfc8 {[%clk 0:01:39]} 18. Rxc8+ {[%clk 0:02:03]} 1-0

[Event "April 9 Early 2024"]
[Site "Chess.com"]
[Date "2024.04.09"]
[Round "3"]
[White "Crevatin, Leo"]
[Black "Saragih, Arif Rahman"]
[Result "1-0"]
[Board "120"]
[WhiteFideId "1726307"]
[BlackFideId "7128266"]
[WhiteTitle "FM"]
[BlackTitle "FM"]
[WhiteElo "2661"]
[BlackElo "2504"]
[WhiteTeam "SWE"]
[BlackTeam "INA"]
[WhiteClock "0:01:26"]
[BlackClock "0:00:31"]
[Variant "Standard"]

1. e4 {[%clk 0:03:00]}  Nc6 {[%clk 0:02:59]} 2. Nf3 {[%clk 0:02:59]}  e6 {[%clk 0:02:59]} 3. d4 {[%clk 0:02:58]}  d5 {[%clk 0:02:59]} 4. e5 {[%clk 0:02:59]}  f6 {[%clk 0:02:57]} 5. exf6 {[%clk 0:02:57]}  Nxf6 {[%clk 0:02:58]} 6. Bd3 {[%clk 0:02:51]}  Bd6 {[%clk 0:02:58]} 7. Bg5 {[%clk 0:02:49]}  O-O {[%clk 0:02:58]} 8. c3 {[%clk 0:02:44]}  h6 {[%clk 0:02:58]} 9. Bh4 {[%clk 0:02:44]}  Bd7 {[%clk 0:02:41]} 10. O-O {[%clk 0:02:44]}  g5 {[%clk 0:02:40]} 11. Bg3 {[%clk 0:02:43]}  Qe7 {[%clk 0:02:36]} 12. Nbd2 {[%clk 0:02:39]}  Bxg3 {[%clk 0:02:36]} 13. hxg3 {[%clk 0:02:39]}  Qg7 {[%clk 0:02:26]} 14. Qe2 {[%clk 0:02:35]}  Rae8 {[%clk 0:02:15]} 15. Ne5 {[%clk 0:02:28]}  Nxe5 {[%clk 0:02:13]} 16. Qxe5 {[%clk 0:02:29]}  c6 {[%clk 0:01:55]} 17. Rae1 {[%clk 0:02:22]}  h5 {[%clk 0:01:42]} 18. Nf3 {[%clk 0:02:20]}  g4 {[%clk 0:01:40]} 19. Nh4 {[%clk 0:02:15]}  Rf7 {[%clk 0:01:06]} 20. Bg6 {[%clk 0:02:13]}  Rff8 {[%clk 0:01:04]} 21. Bxe8 {[%clk 0:02:12]}  Bxe8 {[%clk 0:01:05]} 22. Qxe6+ {[%clk 0:02:09]}  Bf7 {[%clk 0:01:06]} 23. Qf5 {[%clk 0:02:08]}  Ne4 {[%clk 0:01:01]} 24. Re2 {[%clk 0:01:53]}  Bg6 {[%clk 0:00:38]} 25. Qxg6 {[%clk 0:01:51]}  Qxg6 {[%clk 0:00:38]} 26. Nxg6 {[%clk 0:01:52]}  Rf6 {[%clk 0:00:38]} 27. Nf4 {[%clk 0:01:43]}  Rf5 {[%clk 0:00:34]} 28. Rxe4 {[%clk 0:01:41]}  dxe4 {[%clk 0:00:34]} 29. Re1 {[%clk 0:01:42]}  Kg7 {[%clk 0:00:31]} 30. Rxe4 {[%clk 0:01:41]}  Ra5 {[%clk 0:00:30]} 31. a3 {[%clk 0:01:40]}  Rb5 {[%clk 0:00:30]} 32. b4 {[%clk 0:01:40]}  a5 {[%clk 0:00:29]} 33. Re5 {[%clk 0:01:39]}  Rxe5 {[%clk 0:00:17]} 34. dxe5 {[%clk 0:01:40]}  axb4 {[%clk 0:00:17]} 35. axb4 {[%clk 0:01:40]}  Kf7 {[%clk 0:00:18]} 36. Kf1 {[%clk 0:01:39]}  Ke7 {[%clk 0:00:17]} 37. Ke2 {[%clk 0:01:40]}  h4 {[%clk 0:00:18]} 38. gxh4 {[%clk 0:01:40]}  g3 {[%clk 0:00:18]} 39. fxg3 {[%clk 0:01:40]}  c5 {[%clk 0:00:19]} 40. Ke3 {[%clk 0:01:41]}  cxb4 {[%clk 0:00:19]} 41. cxb4 {[%clk 0:01:42]}  b5 {[%clk 0:00:19]} 42. h5 {[%clk 0:01:43]}  Kf7 {[%clk 0:00:19]} 43. g4 {[%clk 0:01:43]}  Kg7 {[%clk 0:00:20]} 44. g5 {[%clk 0:01:44]}  Kh7 {[%clk 0:00:20]} 45. Ke4 {[%clk 0:01:45]}  Kg7 {[%clk 0:00:21]} 46. Kd5 {[%clk 0:01:46]}  Kh7 {[%clk 0:00:22]} 47. Kc5 {[%clk 0:01:47]}  Kg7 {[%clk 0:00:22]} 48. Kxb5 {[%clk 0:01:48]}  Kh7 {[%clk 0:00:23]} 49. Kc5 {[%clk 0:01:49]}  Kg7 {[%clk 0:00:24]} 50. Kd5 {[%clk 0:01:50]}  Kh7 {[%clk 0:00:25]} 51. b5 {[%clk 0:01:51]}  Kg7 {[%clk 0:00:26]} 52. b6 {[%clk 0:01:51]}  Kh7 {[%clk 0:00:27]} 53. b7 {[%clk 0:01:52]}  Kg7 {[%clk 0:00:28]} 54. b8=N {[%clk 0:01:52]}  Kh7 {[%clk 0:00:29]} 55. Kd6 {[%clk 0:01:52]}  Kg7 {[%clk 0:00:30]} 56. g4 {[%clk 0:01:53]}  Kh7 {[%clk 0:00:31]} 57. e6 {[%clk 0:01:53]}  Kg7 {[%clk 0:00:31]} 58. e7 {[%clk 0:01:53]}  Kh7 {[%clk 0:00:32]} 59. e8=N {[%clk 0:01:52]}  Kg8 {[%clk 0:00:32]} 60. Ke7 {[%clk 0:01:52]}  Kh7 {[%clk 0:00:32]} 61. h6 {[%clk 0:01:51]}  Kg8 {[%clk 0:00:32]} 62. Nd7 {[%clk 0:01:51]}  Kh7 {[%clk 0:00:32]} 63. Nd6 {[%clk 0:01:49]}  Kg8 {[%clk 0:00:32]} 64. Kf6 {[%clk 0:01:46]}  Kh7 {[%clk 0:00:32]} 65. Ne5 {[%clk 0:01:46]}  Kg8 {[%clk 0:00:32]} 66. Nf5 {[%clk 0:01:46]}  Kh7 {[%clk 0:00:32]} 67. Kf7 {[%clk 0:01:46]}  Kh8 {[%clk 0:00:31]} 68. Kg6 {[%clk 0:01:47]}  Kg8 {[%clk 0:00:30]} 69. Nf7 {[%clk 0:01:46]}  Kf8 {[%clk 0:00:28]} 70. h7 {[%clk 0:01:46]}  Ke8 {[%clk 0:00:26]} 71. h8=N {[%clk 0:01:45]}  Kd7 {[%clk 0:00:26]} 72. Kf6 {[%clk 0:01:46]}  Kc6 {[%clk 0:00:27]} 73. g6 {[%clk 0:01:46]}  Kc5 {[%clk 0:00:25]} 74. Ke5 {[%clk 0:01:46]}  Kc4 {[%clk 0:00:26]} 75. N7d6+ {[%clk 0:01:46]}  Kc3 {[%clk 0:00:26]} 76. Nhf7 {[%clk 0:01:47]}  Kd2 {[%clk 0:00:26]} 77. Ke4 {[%clk 0:01:46]}  Ke1 {[%clk 0:00:26]} 78. Ne5 {[%clk 0:01:46]}  Kd1 {[%clk 0:00:27]} 79. Kd3 {[%clk 0:01:44]}  Kc1 {[%clk 0:00:27]} 80. Ndc4 {[%clk 0:01:43]}  Kd1 {[%clk 0:00:27]} 81. Nf3 {[%clk 0:01:38]}  Kc1 {[%clk 0:00:26]} 82. Kc3 {[%clk 0:01:38]}  Kb1 {[%clk 0:00:27]} 83. g7 {[%clk 0:01:31]}  Kc1 {[%clk 0:00:26]} 84. g8=N {[%clk 0:01:31]}  Kb1 {[%clk 0:00:26]} 85. g5 {[%clk 0:01:32]}  Kc1 {[%clk 0:00:27]} 86. g6 {[%clk 0:01:33]}  Kb1 {[%clk 0:00:27]} 87. g7 {[%clk 0:01:34]}  Kc1 {[%clk 0:00:28]} 88. Nf6 {[%clk 0:01:35]}  Kb1 {[%clk 0:00:28]} 89. g8=N {[%clk 0:01:35]}  Kc1 {[%clk 0:00:28]} 90. Nge7 {[%clk 0:01:36]}  Kb1 {[%clk 0:00:29]} 91. Nc6 {[%clk 0:01:36]}  Kc1 {[%clk 0:00:30]} 92. Nb4 {[%clk 0:01:37]}  Kb1 {[%clk 0:00:30]} 93. Ne4 {[%clk 0:01:36]}  Kc1 {[%clk 0:00:31]} 94. Nf2 {[%clk 0:01:31]}  Kb1 {[%clk 0:00:31]} 95. N5d4 {[%clk 0:01:31]}  Kc1 {[%clk 0:00:31]} 96. Nf4d3+ {[%clk 0:01:26]}  Kb1 {[%clk 0:00:30]} 97. Ncd2+ {[%clk 0:01:25]}  Ka1 {[%clk 0:00:31]} 98. N4b3# {[%clk 0:01:26]} 1-0

[Event "April 9 Early 2024"]
[Site "Chess.com"]
[Date "2024.04.09"]
[Round "3"]
[White "Gutierrez Olivares, Daniel"]
[Black "Shandrygin, Nikita"]
[Result "0-1"]
[Board "124"]
[WhiteFideId "2264005"]
[BlackFideId "24198668"]
[WhiteTitle "FM"]
[BlackTitle "FM"]
[WhiteElo "2496"]
[BlackElo "2655"]
[WhiteTeam "ESP"]
[BlackTeam "RUS"]
[WhiteClock "0:01:04"]
[BlackClock "0:01:05"]
[Variant "Standard"]

1. Nf3 {[%clk 0:03:00]}  Nf6 {[%clk 0:02:59]} 2. b3 {[%clk 0:03:01]}  g6 {[%clk 0:02:59]} 3. Bb2 {[%clk 0:03:01]}  Bg7 {[%clk 0:03:00]} 4. e3 {[%clk 0:03:02]}  O-O {[%clk 0:03:00]} 5. c4 {[%clk 0:03:02]}  c5 {[%clk 0:02:58]} 6. g3 {[%clk 0:03:02]}  b6 {[%clk 0:02:54]} 7. Bg2 {[%clk 0:03:02]}  Bb7 {[%clk 0:02:55]} 8. O-O {[%clk 0:03:02]}  d5 {[%clk 0:02:53]} 9. Qe2 {[%clk 0:03:00]}  Nc6 {[%clk 0:02:50]} 10. Nc3 {[%clk 0:03:00]}  d4 {[%clk 0:02:50]} 11. exd4 {[%clk 0:02:59]}  Nxd4 {[%clk 0:02:34]} 12. Nxd4 {[%clk 0:02:54]}  Bxg2 {[%clk 0:02:35]} 13. Kxg2 {[%clk 0:02:41]}  cxd4 {[%clk 0:02:31]} 14. Ne4 {[%clk 0:02:24]}  Qd7 {[%clk 0:02:19]} 15. d3 {[%clk 0:02:19]}  Qc6 {[%clk 0:02:11]} 16. Kg1 {[%clk 0:02:17]}  Nxe4 {[%clk 0:02:10]} 17. Qxe4 {[%clk 0:02:14]}  Qxe4 {[%clk 0:02:09]} 18. dxe4 {[%clk 0:02:15]}  a5 {[%clk 0:01:44]} 19. a3 {[%clk 0:02:10]}  Rac8 {[%clk 0:01:37]} 20. Rfd1 {[%clk 0:01:55]}  e5 {[%clk 0:01:32]} 21. Rac1 {[%clk 0:01:51]}  Rc6 {[%clk 0:01:30]} 22. a4 {[%clk 0:01:39]}  f5 {[%clk 0:01:17]} 23. Rc2 {[%clk 0:01:17]}  fxe4 {[%clk 0:01:12]} 24. Re2 {[%clk 0:01:04]}  Rf3 {[%clk 0:01:05]} 0-1

[Event "April 9 Early 2024"]
[Site "Chess.com"]
[Date "2024.04.09"]
[Round "3"]
[White "Liu, Casper"]
[Black "Skatchkov, Valery"]
[Result "0-1"]
[Board "125"]
[WhiteFideId "1454153"]
[BlackFideId "24195812"]
[WhiteTitle "FM"]
[BlackTitle "FM"]
[WhiteElo "2495"]
[BlackElo "2655"]
[WhiteTeam "DEN"]
[BlackTeam "RUS"]
[WhiteClock "0:00:11"]
[BlackClock "0:01:12"]
[Variant "Standard"]

1. f4 {[%clk 0:03:00]}  d5 {[%clk 0:02:57]} 2. Nf3 {[%clk 0:03:01]}  g6 {[%clk 0:02:56]} 3. g3 {[%clk 0:03:02]}  c5 {[%clk 0:02:56]} 4. Bg2 {[%clk 0:03:03]}  Bg7 {[%clk 0:02:56]} 5. O-O {[%clk 0:03:03]}  Nc6 {[%clk 0:02:56]} 6. Nc3 {[%clk 0:03:03]}  Nf6 {[%clk 0:02:55]} 7. d3 {[%clk 0:03:03]}  d4 {[%clk 0:02:55]} 8. Ne4 {[%clk 0:03:03]}  Nxe4 {[%clk 0:02:52]} 9. dxe4 {[%clk 0:03:04]}  O-O {[%clk 0:02:53]} 10. e3 {[%clk 0:03:03]}  dxe3 {[%clk 0:02:31]} 11. c3 {[%clk 0:03:03]}  Qb6 {[%clk 0:02:21]} 12. Qe2 {[%clk 0:03:01]}  Nd4 {[%clk 0:01:55]} 13. cxd4 {[%clk 0:02:56]}  cxd4 {[%clk 0:01:55]} 14. Rd1 {[%clk 0:02:51]}  Bd7 {[%clk 0:01:52]} 15. a4 {[%clk 0:02:50]}  Rfd8 {[%clk 0:01:44]} 16. a5 {[%clk 0:02:37]}  Qb4 {[%clk 0:01:41]} 17. Bxe3 {[%clk 0:02:23]}  dxe3 {[%clk 0:01:40]} 18. Qxe3 {[%clk 0:02:23]}  Bxb2 {[%clk 0:01:34]} 19. Rab1 {[%clk 0:02:21]}  Ba4 {[%clk 0:01:30]} 20. Rxd8+ {[%clk 0:01:18]}  Rxd8 {[%clk 0:01:31]} 21. Qf2 {[%clk 0:01:19]}  Rd1+ {[%clk 0:01:29]} 22. Rxd1 {[%clk 0:01:18]}  Bxd1 {[%clk 0:01:30]} 23. Qxa7 {[%clk 0:01:19]}  Bxf3 {[%clk 0:01:15]} 24. Qb8+ {[%clk 0:01:18]}  Kg7 {[%clk 0:01:16]} 25. Bxf3 {[%clk 0:01:19]}  Qd2 {[%clk 0:01:17]} 26. Qxb7 {[%clk 0:00:22]}  Bd4+ {[%clk 0:01:16]} 27. Kh1 {[%clk 0:00:23]}  Qe3 {[%clk 0:01:13]} 28. Kg2 {[%clk 0:00:20]}  Qf2+ {[%clk 0:01:11]} 29. Kh3 {[%clk 0:00:21]}  Qxf3 {[%clk 0:01:12]} 30. Qd5 {[%clk 0:00:16]}  Qf1+ {[%clk 0:01:12]} 31. Kh4 {[%clk 0:00:15]}  Bf6+ {[%clk 0:01:12]} 32. Kg4 {[%clk 0:00:11]}  h5+ {[%clk 0:01:12]} 0-1

[Event "April 9 Early 2024"]
[Site "Chess.com"]
[Date "2024.04.09"]
[Round "3"]
[White "Nasir, Zehn"]
[Black "Berezin, Viktor"]
[Result "0-1"]
[Board "126"]
[WhiteFideId "2613239"]
[BlackFideId "14107872"]
[BlackTitle "FM"]
[WhiteElo "2655"]
[BlackElo "2495"]
[WhiteTeam "CAN"]
[BlackTeam "UKR"]
[WhiteClock "0:00:12"]
[BlackClock "0:01:00"]
[Variant "Standard"]

1. d4 {[%clk 0:03:00]}  Nf6 {[%clk 0:02:55]} 2. Bf4 {[%clk 0:03:01]}  g6 {[%clk 0:02:53]} 3. Nc3 {[%clk 0:03:01]}  Bg7 {[%clk 0:02:53]} 4. e4 {[%clk 0:03:01]}  d6 {[%clk 0:02:53]} 5. Qd2 {[%clk 0:03:00]}  c6 {[%clk 0:02:53]} 6. O-O-O {[%clk 0:02:59]}  O-O {[%clk 0:02:51]} 7. h4 {[%clk 0:02:57]}  h5 {[%clk 0:02:50]} 8. f3 {[%clk 0:02:57]}  b5 {[%clk 0:02:50]} 9. Bh6 {[%clk 0:02:56]}  Nbd7 {[%clk 0:02:49]} 10. Nh3 {[%clk 0:02:47]}  Nb6 {[%clk 0:02:49]} 11. Bxg7 {[%clk 0:02:46]}  Kxg7 {[%clk 0:02:49]} 12. Kb1 {[%clk 0:02:36]}  Nc4 {[%clk 0:02:46]} 13. Bxc4 {[%clk 0:02:32]}  bxc4 {[%clk 0:02:45]} 14. Nf2 {[%clk 0:02:32]}  Rb8 {[%clk 0:02:44]} 15. Rdg1 {[%clk 0:02:30]}  e5 {[%clk 0:02:33]} 16. dxe5 {[%clk 0:02:27]}  dxe5 {[%clk 0:02:33]} 17. Qxd8 {[%clk 0:02:26]}  Rxd8 {[%clk 0:02:34]} 18. Rd1 {[%clk 0:02:26]}  Be6 {[%clk 0:02:32]} 19. Rxd8 {[%clk 0:02:25]}  Rxd8 {[%clk 0:02:33]} 20. Rd1 {[%clk 0:02:25]}  Rxd1+ {[%clk 0:02:29]} 21. Ncxd1 {[%clk 0:02:26]}  Nd7 {[%clk 0:02:29]} 22. Ne3 {[%clk 0:02:23]}  f5 {[%clk 0:02:20]} 23. Kc1 {[%clk 0:02:17]}  Kf6 {[%clk 0:02:20]} 24. Kd2 {[%clk 0:02:17]}  f4 {[%clk 0:02:20]} 25. Nf1 {[%clk 0:02:11]}  g5 {[%clk 0:02:20]} 26. hxg5+ {[%clk 0:02:03]}  Kxg5 {[%clk 0:02:21]} 27. Nd1 {[%clk 0:01:53]}  h4 {[%clk 0:02:18]} 28. Nf2 {[%clk 0:01:45]}  Nc5 {[%clk 0:02:11]} 29. Nh3+ {[%clk 0:01:39]}  Kh5 {[%clk 0:02:09]} 30. Kc3 {[%clk 0:01:35]}  Na4+ {[%clk 0:02:09]} 31. Kb4 {[%clk 0:01:33]}  Nxb2 {[%clk 0:02:09]} 32. Nf2 {[%clk 0:01:29]}  h3 {[%clk 0:01:59]} 33. gxh3 {[%clk 0:01:25]}  Kh4 {[%clk 0:01:55]} 34. Kc3 {[%clk 0:01:07]}  Na4+ {[%clk 0:01:53]} 35. Kb4 {[%clk 0:01:08]}  Nb6 {[%clk 0:01:35]} 36. Ng4 {[%clk 0:01:05]}  Nd7 {[%clk 0:01:29]} 37. a4 {[%clk 0:00:54]}  Kxh3 {[%clk 0:01:27]} 38. Nxe5 {[%clk 0:00:37]}  Nxe5 {[%clk 0:01:27]} 39. Kc5 {[%clk 0:00:38]}  Kg2 {[%clk 0:01:25]} 40. Nd2 {[%clk 0:00:36]}  Nxf3 {[%clk 0:01:25]} 41. Nb1 {[%clk 0:00:32]}  Ne1 {[%clk 0:01:22]} 42. Kd6 {[%clk 0:00:31]}  Bg4 {[%clk 0:01:18]} 43. c3 {[%clk 0:00:29]}  f3 {[%clk 0:01:16]} 44. e5 {[%clk 0:00:28]}  f2 {[%clk 0:01:16]} 45. Nd2 {[%clk 0:00:28]}  Nf3 {[%clk 0:01:15]} 46. Nxc4 {[%clk 0:00:25]}  Kg3 {[%clk 0:01:00]} 47. Ne3 {[%clk 0:00:23]}  Kf4 {[%clk 0:01:00]} 48. Nf1 {[%clk 0:00:21]}  Nxe5 {[%clk 0:01:00]} 49. a5 {[%clk 0:00:19]}  Be2 {[%clk 0:01:00]} 50. Nd2 {[%clk 0:00:16]}  Nc4+ {[%clk 0:01:00]} 51. Nxc4 {[%clk 0:00:15]}  Bxc4 {[%clk 0:01:01]} 52. Kxc6 {[%clk 0:00:15]}  f1=Q {[%clk 0:01:01]} 53. Kb7 {[%clk 0:00:12]}  Qf2 {[%clk 0:01:00]} 0-1

[Event "April 9 Early 2024"]
[Site "Chess.com"]
[Date "2024.04.09"]
[Round "3"]
[White "Silva, Luca"]
[Black "Jain Kashish Manoj"]
[Result "1-0"]
[Board "129"]
[WhiteFideId "147370"]
[BlackFideId "35081098"]
[WhiteTitle "FM"]
[BlackTitle "FM"]
[WhiteElo "2492"]
[BlackElo "2651"]
[WhiteTeam "ARG"]
[BlackTeam "IND"]
[WhiteClock "0:00:23"]
[BlackClock "0:00:00"]
[Variant "Standard"]

1. d4 {[%clk 0:03:00]}  Nf6 {[%clk 0:02:57]} 2. Nf3 {[%clk 0:03:00]}  g6 {[%clk 0:02:54]} 3. c4 {[%clk 0:03:01]}  Bg7 {[%clk 0:02:51]} 4. Nc3 {[%clk 0:03:00]}  O-O {[%clk 0:02:51]} 5. e4 {[%clk 0:03:00]}  d6 {[%clk 0:02:52]} 6. h3 {[%clk 0:03:01]}  e5 {[%clk 0:02:47]} 7. d5 {[%clk 0:03:01]}  a5 {[%clk 0:02:40]} 8. Be3 {[%clk 0:02:59]}  Na6 {[%clk 0:02:37]} 9. g4 {[%clk 0:02:59]}  Nd7 {[%clk 0:02:33]} 10. Nd2 {[%clk 0:02:57]}  Ndc5 {[%clk 0:02:20]} 11. Be2 {[%clk 0:02:56]}  f5 {[%clk 0:02:15]} 12. gxf5 {[%clk 0:02:54]}  gxf5 {[%clk 0:02:15]} 13. Rg1 {[%clk 0:02:53]}  f4 {[%clk 0:02:09]} 14. Bxc5 {[%clk 0:02:52]}  Nxc5 {[%clk 0:02:10]} 15. Qc2 {[%clk 0:02:51]}  Kh8 {[%clk 0:02:08]} 16. Bg4 {[%clk 0:02:51]}  Bf6 {[%clk 0:02:07]} 17. O-O-O {[%clk 0:02:49]}  Rg8 {[%clk 0:02:02]} 18. Nf3 {[%clk 0:02:47]}  Qe7 {[%clk 0:01:54]} 19. Kb1 {[%clk 0:02:43]}  Qf7 {[%clk 0:01:50]} 20. a3 {[%clk 0:02:36]}  h5 {[%clk 0:01:46]} 21. Bxc8 {[%clk 0:02:33]}  Raxc8 {[%clk 0:01:46]} 22. b4 {[%clk 0:02:33]}  axb4 {[%clk 0:01:44]} 23. axb4 {[%clk 0:02:33]}  Na6 {[%clk 0:01:45]} 24. Qb3 {[%clk 0:02:27]}  Qd7 {[%clk 0:01:40]} 25. h4 {[%clk 0:02:13]}  Rg4 {[%clk 0:01:29]} 26. Ng5 {[%clk 0:02:08]}  Bxg5 {[%clk 0:01:25]} 27. hxg5 {[%clk 0:02:09]}  Rg8 {[%clk 0:01:22]} 28. Rh1 {[%clk 0:02:01]}  R4xg5 {[%clk 0:01:21]} 29. Nb5 {[%clk 0:01:56]}  Qh7 {[%clk 0:01:08]} 30. Rde1 {[%clk 0:01:44]}  Rg2 {[%clk 0:00:55]} 31. Qf3 {[%clk 0:01:40]}  R8g5 {[%clk 0:00:50]} 32. Rh3 {[%clk 0:01:28]}  Kg7 {[%clk 0:00:25]} 33. Reh1 {[%clk 0:01:19]}  Kg6 {[%clk 0:00:18]} 34. c5 {[%clk 0:00:44]}  dxc5 {[%clk 0:00:14]} 35. d6 {[%clk 0:00:44]}  Rg1+ {[%clk 0:00:11]} 36. Kb2 {[%clk 0:00:41]}  Rxh1 {[%clk 0:00:11]} 37. Qxh1 {[%clk 0:00:39]}  Qd7 {[%clk 0:00:07]} 38. Nc3 {[%clk 0:00:36]}  cxb4 {[%clk 0:00:05]} 39. Nd5 {[%clk 0:00:36]}  Qa4 {[%clk 0:00:03]} 40. Qc1 {[%clk 0:00:26]}  cxd6 {[%clk 0:00:00]} 41. Qc8 {[%clk 0:00:23]} 1-0